000 00256nam a2200109Ia 4500
008 231212s1967 xx 000 0 und d
041 _aeng
082 _a491.43
100 _aHawkins J.M.
245 _aThe Oxford Senior
260 _aNew Delhi
_bPeopel
_c1967
999 _c958602
_d958602